000
00315nam a22001337a 4500
020
_a
0-552-54653-4
082
_a
823
_b
WIL/L
100
_a
JACQUELINE WILSON
245
_a
LIZZIE ZIPMOUTH
260
_a
GREAT BRITAIN
_b
YOUNG CORGI
_c
2000
300
_a
79
650
_a
CHILDREN'S STORY BOOK
_z
UNITED KINGDOM
942
_c
BK
999
_c
120
_d
120